Biggest Cities in Austria - Statistics

General Stats
  • This quiz has been taken 6,705 times
  • The average score is 6 of 10
Answer Stats
Population City % Correct
1,741,246 Vienna
100%
145,871 Salzburg
93%
265,778 Graz
90%
121,329 Innsbruck
87%
191,501 Linz
84%
95,450 Klagenfurt
61%
59,646 Villach
42%
51,926 St. Pölten
41%
58,882 Wels
30%
46,615 Dornbirn
20%
No matching quizzes found
Score Distribution
Percent of People with Each Score
Percentile by Number Answered
Your Score History
You have not taken this quiz